00762nam a2200241 a 4500001001300000003000900013005001700022008004100039020001000080082001600090100003700106245007000143260004800213300000900261500003500270505001000305650001700315700003700332902000800369942000700377952011900384999001700503nice12345678IN_TiNIC20260116015228.0050524s1999 puna grp 000 0 eng  ac10000a333.31bNAT aNational Centre For Advocacy S,  aLand Acquisition, Rehabilitation Policyb Issues and Perspectives aPunebNationalcentre for Advocacy St.c1999 a137p aincludes index and biblioraphy2 aIndex aLand Reforms1 aNational Centre For Advocacy S,  bSRS cBK 001040708StackRoom-aHMIbHMId2007-05-01g100.00l0o333.31 NATp11000798r2007-05-01v100.00w2005-05-24yBK c18831d18831